God's Presence (Record no. 123225)
[ view plain ]
| 000 -LEADER | |
|---|---|
| fixed length control field | 00565nam a22001577a 4500 |
| 008 - FIXED-LENGTH DATA ELEMENTS--GENERAL INFORMATION | |
| fixed length control field | 150904b xxu||||| |||| 00| 0 eng d |
| 020 ## - INTERNATIONAL STANDARD BOOK NUMBER | |
| International Standard Book Number | 9781107642782 |
| 050 ## - LIBRARY OF CONGRESS CALL NUMBER | |
| Classification number | BR118.Y695 2013 |
| 100 ## - MAIN ENTRY--PERSONAL NAME | |
| Personal name | Young, Frances |
| 9 (RLIN) | 7465 |
| 245 ## - TITLE STATEMENT | |
| Title | God's Presence |
| Remainder of title | a contemporary recapitulation of Early Christianity |
| Statement of responsibility, etc | France Young |
| 260 ## - PUBLICATION, DISTRIBUTION, ETC. (IMPRINT) | |
| Place of publication, distribution, etc | Cambridge |
| Name of publisher, distributor, etc | Cambridge University Press |
| Date of publication, distribution, etc | 2013 |
| 300 ## - PHYSICAL DESCRIPTION | |
| Extent | xiv, 474p. ; |
| Dimensions | 22cm. |
| 650 ## - SUBJECT ADDED ENTRY--TOPICAL TERM | |
| Topical term or geographic name as entry element | Theology |
| General subdivision | history |
| Chronological subdivision | ca. 30-600 |
| 9 (RLIN) | 19288 |
| 650 ## - SUBJECT ADDED ENTRY--TOPICAL TERM | |
| Topical term or geographic name as entry element | Church history |
| General subdivision | primitive and early church |
| Chronological subdivision | ca. 30-600 |
| 9 (RLIN) | 19289 |
| 942 ## - ADDED ENTRY ELEMENTS (KOHA) | |
| Source of classification or shelving scheme | Library of Congress Classification |
| Item type | Monograph ( Printed materials) |
| Withdrawn status | Lost status | Source of classification or shelving scheme | Damaged status | Not for loan | Collection code | Home library | Current library | Shelving location | Date acquired | Total Checkouts | Full call number | Barcode | Date last seen | Date last borrowed | Price effective from | Koha item type |
|---|---|---|---|---|---|---|---|---|---|---|---|---|---|---|---|---|
| Library of Congress Classification | Main Collection | ARRUPE LIBRARY | ARRUPE LIBRARY | Main Collection | 04/09/2015 | 1 | BR118.Y695 2013 | 46500004044 | 15/11/2016 | 02/12/2015 | 04/09/2015 | Monograph ( Printed materials) |